বাংলাদেশী সংগ্রাহকদের সংগ্রহের শিল্পকর্ম প্রদর্শনী / (Record no. 6050)
[ view plain ]
| 000 -LEADER | |
|---|---|
| fixed length control field | 01017nam a22002171a 4500 |
| 001 - CONTROL NUMBER | |
| control field | 6050 |
| 003 - CONTROL NUMBER IDENTIFIER | |
| rucl marc code | BD-RjUL |
| 005 - DATE AND TIME OF LATEST TRANSACTION | |
| control field | 20211208234157.0 |
| 008 - FIXED-LENGTH DATA ELEMENTS--GENERAL INFORMATION | |
| fixed length control field | 171029s1978 b a b 000 0 b |
| 035 ## - SYSTEM CONTROL NUMBER | |
| System control number | (BD-RjUL)6089 |
| 040 ## - CATALOGING SOURCE | |
| Original cataloging agency | BD-RjUL |
| Transcribing agency | BD-RjUL |
| Modifying agency | BD-RjUL |
| Language of cataloging | ben |
| 041 ## - LANGUAGE CODE | |
| Language code of text/sound track or separate title | ben |
| 082 ## - DEWEY DECIMAL CLASSIFICATION NUMBER | |
| Classification number | BRA 759.95492 |
| Author mark and year | BAB 1978 |
| 110 1# - MAIN ENTRY--CORPORATE NAME | |
| Corporate name or jurisdiction name as entry element | বাংলাদেশ শিল্পকলা একাডেমী |
| 9 (RLIN) | 219340 |
| 245 ## - TITLE STATEMENT | |
| Title | বাংলাদেশী সংগ্রাহকদের সংগ্রহের শিল্পকর্ম প্রদর্শনী / |
| Statement of responsibility, etc. | বাংলাদেশ শিল্পকলা একাডেমী |
| 260 ## - PUBLICATION, DISTRIBUTION, ETC. (IMPRINT) | |
| Place of publication, distribution, etc. | ঢাকা: |
| Name of publisher, distributor, etc. | বাংলাদেশ শিল্পকলা একাডেমী, |
| Date of publication, distribution, etc. | ১৯৭৮ |
| 300 ## - PHYSICAL DESCRIPTION | |
| Pagination | [২৬] পৃ. : |
| Illustrations | চিত্র ; . |
| Size | ২২ সেমি. |
| 650 ## - SUBJECT ADDED ENTRY--TOPICAL TERM | |
| Topical term or geographic name as entry element | শিল্পকর্ম |
| General subdivision | প্রদর্শনী |
| Geographic subdivision | বাংলাদেশ |
| 9 (RLIN) | 219341 |
| Topical term or geographic name as entry element | Art |
| General subdivision | Exibition |
| Geographic subdivision | Bangladesh |
| 9 (RLIN) | 219342 |
| 942 ## - ADDED ENTRY ELEMENTS (KOHA) | |
| Source of classification or shelving scheme | Dewey Decimal Classification |
| Koha item type | Books |
| Lost status | Source of classification or shelving scheme | Damaged status | Not for loan | Collection code | Permanent Location | Current Location | Shelving location | Date acquired | Source of acquisition | Cost, normal purchase price | Total Checkouts | Full call number | Date last seen | Copy number | Koha item type |
|---|---|---|---|---|---|---|---|---|---|---|---|---|---|---|---|
| Dewey Decimal Classification | Not For Loan | Rare Books | Central Library, University of Rajshahi | Central Library, University of Rajshahi | Rare Book Section | 19/05/1980 | Bangladesh Shilpokala Academy, Dhaka | 2.00 | BRA 759.95492 BAB 1978 | 29/10/2017 | C-1 | Rare Books |